Statistics for Cedar Point Roller Coasters

Click here to take the quiz!

General Stats

  • This quiz has been taken 375 times
    (369 since last reset)
  • The average score is 12 of 16

Answer Stats

YearRoller Coaster% Correct
2000Millennium Force
94%
2003Top Thrill Dragster
89%
2018Steel Vengeance
87%
2013Gatekeeper
86%
1989Magnum XL-200
85%
1994Raptor
83%
2007Maverick
82%
1964Blue Streak
81%
1978Gemini
80%
2016Valravn
80%
1976Corkscrew
74%
1996Rougarou
68%
1969Cedar Creek Mine Ride
63%
1987Iron Dragon
60%
1999Woodstock Express
58%
1979Wilderness Run
39%

Score Distribution

Percentile by Number Answered

Percent of People with Each Score

Your Score History

You have not taken this quiz since the last reset